000 01099nam a2200217Ia 4500
003 Ost
005 20260507075220.0
008 260507s9999||||xx |||||||||||||| ||und||
040 _cfsecg
041 _aara
082 _a330
100 _aدودين، حمزة محمد
_eمؤلف
245 0 _aالتحليل الاحصائي المتقدم للبيانات باستخدام SPSS /
_c حمزة محمد دودين
260 _aعمان:
_bدار المسيرة,
_c2010
300 _a239 صفحة؛
_bإيضاحات ؛
_c24 سم
504 _aمراجع ص.237 ؛ قائمة ملفات البيانات ص.239
520 _aمقدمة في التحليل الاحصائي للبيانات ، مراجعة البيانات قبل التحليل الاحصائي ، إختبارات ــ ت ــ (t - tests) تحليل التباين (anova) تحليل التباين المتعدد(manova) الارتباط ، الانحدار ، التحليل العاملي ، الثبات و الصدق .
653 _aالتحليل الاحصائي
653 _aالحواسيب
942 _cكتاب
999 _c43518
_d43518